Fixed income mathematics (Record no. 144503)
[ view plain ]
| 000 -LEADER | |
|---|---|
| fixed length control field | 01117nam a22002894a 4500 |
| 082 04 - DEWEY DECIMAL CLASSIFICATION NUMBER | |
| Classification number | 332.63/2044 |
| 100 1# - MAIN ENTRY--AUTHOR NAME | |
| Personal name | Zipf, Robert. |
| 245 10 - TITLE STATEMENT | |
| Title | Fixed income mathematics |
| 260 ## - PUBLICATION, DISTRIBUTION, ETC. (IMPRINT) | |
| Place of publication | Amsterdam ; |
| -- | Boston : |
| Name of publisher | Academic Press, |
| Year of publication | c2003. |
| 300 ## - PHYSICAL DESCRIPTION | |
| Number of Pages | xiii, 328 p. : |
| Other physical details | ill. |
| 650 #0 - SUBJECT ADDED ENTRY--TOPICAL TERM | |
| Topical Term | Fixed-income securities |
| Topical Term | Rate of return. |
| 856 40 - ELECTRONIC LOCATION AND ACCESS | |
| Uniform Resource Identifier | http://site.ebrary.com/lib/rucke/Doc?id=10179811 |
No items available.
